[Event "HUN-chT3 0102"]
[Site "Hungary"]
[Date "2002.03.24"]
[Round "9"]
[White "Banusz, Tamas"]
[Black "Lodi, Laszlo"]
[Result "1-0"]
[WhiteElo "2217"]
[BlackElo "2051"]
[PlyCount "121"]
[EventDate "2001.09.30"]
[EventType "team"]
[EventRounds "11"]
[EventCountry "HUN"]
[SourceTitle "EXT 2004"]
[Source "ChessBase"]
[SourceDate "2003.11.25"]
[SourceVersion "1"]
[SourceVersionDate "2003.11.25"]
[SourceQuality "1"]

1. d4 Nf6 2. c4 g6 3. Nc3 d5 4. Nf3 Bg7 5. Bg5 c6 6. e3 0-0 7. Bd3 Bg4 8. h3 Bxf3 9. Qxf3 Qa5 10. Bxf6 Bxf6 11. 0-0 dxc4 12. Bxc4 Nd7 13. Rad1 Rad8 14. Bb3 Bg7 15. Rfe1 Nf6 16. e4 e6 17. e5 Nd5 18. Ne4 Qc7 19. g4 Qe7 20. Qg3 h6 21. f4 Nc7 22. f5 exf5 23. gxf5 gxf5 24. Nd6 Ne6 25. h4 f4 26. Qg4 Rxd6 27. exd6 Qxd6 28. Bxe6 fxe6 29. Qxe6+ Qxe6 30. Rxe6 Bf6 31. Kf2 Bxh4+ 32. Kf3 Kg7 33. d5 cxd5 34. Rxd5 Rf7 35. b4 Bg5 36. Red6 Be7 37. Rd7 Bxb4 38. Rxf7+ Kxf7 39. Rd7+ Ke6 40. Rxb7 Bc5 41. Kxf4 a5 42. Ke4 Kf6 43. Rc7 Bb4 44. a4 h5 45. Rb7 h4 46. Rb5 Ke6 47. Rb6+ Kd7 48. Kd5 Kc7 49. Re6 Kd7 50. Rh6 Kc7 51. Re6 Kd7 52. Rh6 Kc7 53. Rxh4 Kb7 54. Rh6 Bd2 55. Rg6 Be3 56. Kc4 Bb6 57. Kb5 Bd8 58. Rg7+ Bc7 59. Rh7 Kb8 60. Kc6 Be5 61. Rb7+ 1-0